|
|
|
|
| LEADER |
00000nam a2200000 a 4500 |
| 001 |
vtls001145674 |
| 003 |
SK-MaSNL |
| 005 |
20260301002131.0 |
| 008 |
251031s1964 CS 0 cze |
| 035 |
|
|
|a SNK000088530
|
| 040 |
|
|
|a SNK
|b slo
|c SNK
|e AACR2
|
| 041 |
0 |
|
|a cze
|
| 044 |
|
|
|a [CS]
|
| 080 |
|
|
|a 820(73)-21=85:820(73)-32=85
|2 1981
|
| 080 |
|
|
|a 820(73)-32=85
|2 1981
|
| 100 |
1 |
|
|a McCullers, Carson,
|d 1917-1967
|4 aut
|9 54907
|
| 240 |
1 |
4 |
|a The Ballad of the Sad Café
|l Česky
|
| 245 |
1 |
0 |
|a Balada o smutné kavárně
|c Carson Mac Cullers ; Dramat. Edvard Albee ; Přel. Luba Pellarová, Rudolf Pellar
|
| 260 |
|
|
|a Praha
|b Dilia
|c 1964
|
| 300 |
|
|
|a 108, [1] s.
|c 4°
|
| 500 |
|
|
|a Rozmn.
|
| 700 |
1 |
|
|a Albee, Edward,
|d 1928-2016
|4 aud
|9 52434
|
| 700 |
1 |
|
|a Pellarová, Luba,
|d 1922-2005
|4 trl
|9 109260
|
| 700 |
1 |
|
|a Pellar, Rudolf,
|d 1923-2010
|4 trl
|9 109261
|
| 852 |
|
|
|a Slovenská národná knižnica
|
| 954 |
|
|
|a hry divadelné americké
|
| 958 |
|
|
|a OND
|
| 968 |
|
|
|d Z angl. orig.
|
| 999 |
|
|
|c 536635
|d 538565
|
| 952 |
|
|
|t P60, <04>, [BOOK], {604}
|a SNK
|b SNK
|y VYP
|7 0
|p 17A0077034
|o snkIB 16636
|0 0
|1 0
|4 0
|d 1997-07-01
|l 0
|r 2005-01-01 00:00:00
|w 2026-02-23
|